| 000 | 00401cam a2200169ua 4500 | ||
|---|---|---|---|
| 020 | _c1.50 | ||
| 041 |
_amal _h |
||
| 082 |
_a894.8122 _bVAR/OT |
||
| 100 | _aVarkey, Mattathu . | ||
| 245 |
_aOttakavum Soochikkuzhayum / _cMattathu Varkey. _hTextual Documents |
||
| 260 |
_a : _bJ.Johnson , _c1962. |
||
| 300 | _a140 ; . | ||
| 365 | _a1.50 | ||
| 504 | _a | ||
| 942 | _cBK | ||
| 999 |
_c1132 _d1132 |
||